000 00666nam a2200217Ii 4500
003 JO-AjNU
008 230606s9999||||xx |||||||||||||| ||und||
020 _a000-370-001
040 _aJO-AjNU
_beng
_erda
_cJO-AjNU
041 _aeng
050 1 4 _aLB3060.45.J35 1974
100 3 _aJames.k مؤلف/Jordan R.R م.مشارك/Matthews A.J م.مشارك,
_eauthor
_92740
245 0 0 _aListening Comprehension And Note-Taking Course
250 _a1 ed
264 3 1 _aLondon:Collins:London and Glasgow
300 _a126P
336 _atext
_btxt
_2rdacontent
337 _aunmediated
_bn
_2rdamedia
338 _avolume
_bnc
_2rdacarrier
650 4 _aListening
_92741
999 _aE1434
_c1434
_d1434